Vista normal
Vista MARC
Entrada Topical Term
Número de registros utilizados en: 10
001 - CONTROL NUMBER
- control field: 6298
003 - CONTROL NUMBER IDENTIFIER
- control field: OSt
005 - DATE AND TIME OF LATEST TRANSACTION
- control field: 20200628150039.0
008 - FIXED-LENGTH DATA ELEMENTS
- fixed length control field: 200628|| aca||aabn | a|a d
040 ## - CATALOGING SOURCE
- Original cataloging agency: OSt
- Transcribing agency: OSt
150 ## - HEADING--TOPICAL TERM
- Topical term or geographic name entry element: Mujeres en la literatura
670 ## - SOURCE DATA FOUND
- Source citation: Work cat.: (OSt)3560: Allende, Isabel, 1942 autora 6297, Paula /, ©2012